[Event "11th Arad Open 2018"]
[Site "Arad"]
[Date "2018.08.10"]
[Round "7"]
[White "Antal, Gergely"]
[Black "Balog, Imre"]
[Result "0-1"]
[WhiteElo "2549"]
[BlackElo "2540"]
[Annotator "TA"]
[PlyCount "172"]
[EventDate "2018.08.05"]
[EventType "swiss"]
[EventCountry "ROU"]
[SourceTitle "playchess.com"]
[Source "ChessBase"]
[SourceQuality "1"]

{[%evp 14,172,21,0,0,0,27,15,30,0,0,-12,-2,-14,-20,-25,-17,-38,-31,-36,-11,-14,-12,-12,-10,-8,-7,-9,-10,-16,-20,-31,-25,-31,-23,-60,-55,-51,-54,-66,-56,-57,-51,-86,-37,-66,-62,-58,-54,-45,-64,-49,-57,-71,-69,-122,-14,-8,-19,-20,0,-4,0,-5,0,0,0,0,0,0,0,0,0,0,0,0,0,-50,-46,-33,-39,-172,-160,-332,-247,-463,-438,-509,-509,-431,-464,-403,-403,-593,-576,-783,-700,-700,-700,-700,-700,-700,-689,-689,-682,-688,-682,-682,-675,-675,-675,-652,-636,-666,-651,-651,-547,-534,-608,-531,-524,-524,-524,-690,-524,-1148,-516,-504,-503,-491,-483,-483,-483,-514,-499,-12825,-11832,-5756,-1618,-6757,-6148,-9660,-7200,-29945,-1643,-1646,-1562,-1249,-1249,-1080,-925,-29964,-29961,-29972,-29965,-29982,-29983,-29983,-29983,-29985,-29986]} 1. e4 d5 2. exd5 Qxd5 3. Nc3 Qa5 4. g3 Nf6 5. Bg2 g6 6. Nge2 {B01: Scandinavian Defence} Bg7 7. O-O O-O 8. d3 {LiveBook: 4 Games. The position is equal.} c6 9. Rb1 (9. Re1 Qh5 10. Nf4 Qxd1 11. Nxd1 Re8 12. Nc3 Na6 13. a3 Nc7 14. h3 {1-0 (59) Guseinov,G (2646)-Miroshnichenko,E (2606) chess.com INT 2018}) 9... Qh5 $146 ({Predecessor:} 9... Bf5 10. b4 Qc7 11. b5 Rd8 12. Be3 Qd7 13. Na4 Nd5 {1-0 (62) Macharacek,S (2223)-Hrabusa,M (2055) Tatranske Zruby 2005}) 10. Qe1 Re8 ({Much weaker is} 10... Ng4 11. h3 $16) 11. Nf4 Qa5 12. b4 Qd8 13. Ne4 Nbd7 14. Nxf6+ Nxf6 15. Bb2 e5 16. Ne2 Qd6 17. a3 Bf5 18. Nc3 Rad8 19. Ne4 Nxe4 20. dxe4 Bg4 21. h3 Be6 {Black wants to play ...Bc4.} 22. Rd1 Qc7 $36 {[%mdl 2048] aiming for ...Bc4. Black fights for an advantage.} 23. Qc3 Rd4 (23... Rc8 {is more complex.} 24. h4 b5 25. Qc5 f6 26. f4 Bf8) 24. Rxd4 exd4 25. Qd2 b6 26. Rd1 ({Not} 26. Bxd4 $2 Rd8 $19) 26... Rd8 27. f4 c5 28. e5 Bf8 {[%cal Bg7f8,Bf8b4,Bb4a5][%mdl 32]} 29. Kh2 cxb4 30. axb4 Qc4 31. Bf1 Qxb4 32. Qxb4 Bxb4 33. c3 Bb3 34. Rd2 (34. Rd3 $15 Be7 35. cxd4) 34... Ba5 (34... Be7 $17 {White must now prevent ...dxc3.} 35. cxd4 a5) 35. Rxd4 $11 Rxd4 36. cxd4 {[%mdl 4096] Endgame KBB-KBB} Bb4 37. Ba6 Bd5 38. g4 f5 39. gxf5 gxf5 40. Bc8 Bd2 41. Kg3 Be1+ 42. Kh2 b5 43. Bxf5 a5 44. Bd7 b4 45. e6 {[#] e7 is the strong threat.} Bh4 {[%mdl 1024] Black has compensation.} 46. f5 Kf8 47. Kg1 (47. Bc1 $15) 47... Ke7 $19 48. Kf1 $2 (48. Bc1 $17) 48... Bf6 49. Ba4 $2 (49. Bc1 {was called for.}) 49... Be4 50. Bc1 Bxd4 51. Bg5+ Bf6 52. Be3 Bxf5 53. Bc5+ (53. Kg2 {was necessary.}) 53... Kxe6 54. Bb6 Bxh3+ 55. Ke2 Kd6 56. Bxa5 Kc5 57. Bb3 Bf5 58. Bf7 Bg5 59. Kd1 Be4 60. Bc7 Bd5 61. Bh5 b3 {And now ...b2 would win.} 62. Be5 Be4 63. Bb2 Kb4 64. Ke2 Bf4 65. Bf7 Bg6 66. Be6 Be8 67. Bd5 Bb5+ 68. Ke1 h5 69. Be6 Be3 (69... Bg3+ $142 70. Kd2 Bf1) 70. Bf6 Be8 71. Bb2 Bc6 72. Ke2 Bf4 73. Bf6 Bg3 74. Bb2 (74. Kd2 $142 Ka3 75. Kd3) 74... Bg2 75. Bf6 Ka3 (75... h4 $142 76. Be7+ Kb5) 76. Kd2 h4 77. Be7+ Ka2 78. Kc3 Be1+ (78... Be5+ $142 79. Kb4 h3 80. Bxb3+ Kb2 81. Bd5 Bxd5 82. Kc5 Be4 83. Bd8 h2 84. Bf6 Bxf6 85. Kd6 h1=Q 86. Ke6 Qh6 87. Kd6 Qf8+ 88. Kd7 Qg7+ 89. Ke8 Bg6#) 79. Kd3 Bf1+ 80. Ke3 Kb2 81. Kf3 Kc2 82. Ba3 h3 {[%cal Bh4h3,Bh3h2][%mdl 32] Black mates.} 83. Bf5+ Bd3 84. Be6 {[#]} Be4+ $1 {[%mdl 512]} 85. Kxe4 h2 86. Bf5 Kc3 {Precision: White = 35%, Black = 68%.} 0-1

[Event "11th Arad Open 2018"]
[Site "Arad"]
[Date "2018.08.10"]
[Round "7"]
[White "Georgescu, Tiberiu-Marian"]
[Black "Aczel, Gergely"]
[Result "1/2-1/2"]
[WhiteElo "2495"]
[BlackElo "2551"]
[Annotator "TA"]
[PlyCount "28"]
[EventDate "2018.08.05"]
[EventType "swiss"]
[EventCountry "ROU"]
[SourceTitle "playchess.com"]
[Source "ChessBase"]
[SourceQuality "1"]

{[%evp 18,28,23,16,20,31,20,15,23,25,62,34,45]} 1. d4 Nf6 2. c4 e6 3. Nf3 d5 4. Nc3 Be7 5. Bf4 O-O 6. e3 Nbd7 7. cxd5 Nxd5 8. Nxd5 {D37: Queen's Gambit Declined: 5 Bf4} exd5 9. Bd3 Bb4+ 10. Nd2 {LiveBook: 11 Games. White has an edge.} c6 $146 ({Predecessor:} 10... c5 11. a3 Bxd2+ 12. Qxd2 cxd4 13. exd4 Re8+ 14. Be3 Nf6 15. f3 Qb6 {1-0 (37) Giri,A (2776)-Antipov,M (2520) Doha 2014}) 11. a3 Be7 12. Qc2 h6 13. O-O Nb6 14. Nb3 Na4 1/2-1/2

[Event "11th Arad Open 2018"]
[Site "Arad"]
[Date "2018.08.10"]
[Round "7"]
[White "Gavrilescu, David"]
[Black "Jianu, Vlad-Cristian"]
[Result "1/2-1/2"]
[WhiteElo "2468"]
[BlackElo "2542"]
[Annotator "TA"]
[PlyCount "28"]
[EventDate "2018.08.05"]
[EventType "swiss"]
[EventCountry "ROU"]
[SourceTitle "playchess.com"]
[Source "ChessBase"]
[SourceQuality "1"]

{[%evp 19,28,37,111,103,108,102,118,75,90,11,4]} 1. e4 d6 2. d4 Nf6 3. Nc3 g6 4. Be3 Bg7 5. Qd2 c6 {[%cal Bc7c6,Bc6c5][%mdl 32]} 6. Bh6 Bxh6 7. Qxh6 Qa5 8. Bd3 c5 9. d5 {B07: Pirc Defence: Miscellaneous Systems} (9. Nf3 cxd4 10. Nxd4 Nc6 11. Bb5 Bd7 12. O-O-O Nxd4 13. Bxd7+ Nxd7 14. Rxd4 O-O-O 15. Kb1 Kb8 16. Nd5 e6 {1-0 (43) Adams,M (2706)-Ghasi,A (2494) Hull 2018}) 9... Nbd7 10. Nf3 b5 {LiveBook: 8 Games} (10... c4 $14 11. Bxc4 Nxe4) 11. Bxb5 {0-0-0 is the strong threat.} Rb8 {[#]} 12. Bxd7+ $1 (12. Qg7 Rg8 $19) 12... Bxd7 13. O-O {And now e5 would win.} Rxb2 {[#]} 14. Qd2 $146 ({Better is} 14. Nd1 $1 $16 {[%cal Rd1b2]} Rxa2 15. Rxa2 Qxa2 16. Ne3) ({Predecessor:} 14. Nd1 Rb7 15. e5 dxe5 16. Ne3 e4 17. Rab1 Rb4 18. c3 Rxb1 19. Rxb1 {Lea,P (2160)-Martinez Cano,G (2126) ICCF email 2017}) 14... O-O 1/2-1/2

[Event "11th Arad Open 2018"]
[Site "Arad"]
[Date "2018.08.10"]
[Round "7"]
[White "Miron, Lucian-Costin"]
[Black "Bogdan, Dan"]
[Result "1/2-1/2"]
[WhiteElo "2460"]
[BlackElo "2382"]
[Annotator "ChessBase"]
[PlyCount "21"]
[EventDate "2018.08.05"]
[EventType "swiss"]
[EventCountry "ROU"]
[SourceTitle "playchess.com"]
[Source "ChessBase"]
[SourceQuality "1"]
[TimeControl "40/5400+30:1800+30"]

1. d4 {[%emt 0:00:22]} f5 {[%emt 0:00:27]} 2. c4 {[%emt 0:00:12]} d6 {[%emt 0:01:36]} 3. Nc3 {[%emt 0:06:44]} e5 {[%emt 0:02:03]} 4. dxe5 {[%emt 0:14:58]} dxe5 {[%emt 0:00:21]} 5. Qxd8+ {[%emt 0:00:04]} Kxd8 {[%emt 0:00:08]} 6. e4 {[%emt 0:00:28]} Nf6 {[%emt 0:05:10]} 7. Bg5 {[%emt 0:21:22]} fxe4 {[%emt 0:05:30]} 8. Nd5 {[%emt 0:04:55]} Nbd7 {[%emt 0:00:31]} 9. O-O-O {[%emt 0:04:38]} Be7 {[%emt 0:01:13]} 10. Nc3 {[%emt 0:03:31]} c6 {[%emt 0:02:12]} 11. Nge2 1/2-1/2

[Event "11th Arad Open 2018"]
[Site "Arad"]
[Date "2018.08.10"]
[Round "7"]
[White "Costachi, Mihnea"]
[Black "Abramciuc, Marius"]
[Result "1-0"]
[WhiteElo "2453"]
[BlackElo "2357"]
[Annotator "TA"]
[PlyCount "63"]
[EventDate "2018.08.05"]
[EventType "swiss"]
[EventCountry "ROU"]
[SourceTitle "playchess.com"]
[Source "ChessBase"]
[SourceQuality "1"]

{[%evp 18,63,34,17,14,11,22,10,23,25,27,16,39,42,46,43,46,47,48,56,73,76,75,94,107,83,113,80,76,75,87,84,88,50,150,88,296,291,460,443,372,94,620,619,1210,1193,1226,1044]} 1. d4 d6 2. e4 Nf6 3. Nc3 Nbd7 4. Nf3 e5 5. Bc4 Be7 6. O-O O-O 7. Re1 c6 8. a4 Qc7 9. Bg5 Re8 10. Qd2 Nf8 {C41: Philidor Defence} 11. h3 Be6 12. Bd3 a5 $146 {The position is equal.} ({Predecessor:} 12... Ng6 13. a5 h6 14. Be3 Red8 15. Qe2 Nh5 16. Qd1 Nhf4 17. Bf1 {0-1 (62) Ramesh,R (2474)-Murali Krishnan,B (2287) Nagpur 1999}) 13. Ne2 Rad8 14. Ng3 h6 15. Be3 Bc8 16. Rad1 Ng6 17. Qc1 Bf8 18. c4 exd4 19. Nxd4 Ne5 20. Bb1 $1 Ned7 {[%cal Be5d7,Bd7b6,Bb6a4][%mdl 32]} 21. Nb3 Nb6 22. Nxa5 Nxa4 23. Nb3 b6 24. Bd4 {Hoping for Bxf6.} Nd7 25. f4 Be7 (25... g6 $1 $14) 26. Nf5 (26. Nh5 $142 g6 27. f5) 26... Bf6 $2 {[#]} (26... Bf8 $16) 27. Qc2 $1 $18 c5 {[#]} (27... Ne5 $142 28. fxe5 Bxe5) 28. e5 $1 {[%mdl 512] Threatening mate with Nxh6+!} Nf8 {White must now prevent ...Bxf5.} ({Reject} 28... dxe5 {[#]} 29. Ne7+ $1 {[%mdl 512]} Kf8 30. Nd5 $18) 29. exd6 $2 $40 {[%mdl 128] White attacks with force.} (29. exf6 $18 Bxf5 30. Qxf5) 29... Bxd4+ $4 {[%mdl 8192]} (29... Bxf5 $16 30. dxc7 Bxc2 31. cxd8=B (31. Bxc2 cxd4 32. cxd8=N Rxd8 $16) (31. cxd8=N Rxd8 32. Bxc2 cxd4 $16) 31... Rxd8 32. Bxc2 cxd4) 30. Nbxd4 {White is clearly winning.} Qd7 31. Ne7+ Kh8 32. Nb5 {Precision: White = 67%, Black = 35%.} 1-0

[Event "11th Arad Open 2018"]
[Site "Arad"]
[Date "2018.08.10"]
[Round "7"]
[White "Womacka, Mathias"]
[Black "Balla, Tamas-Kristof"]
[Result "1-0"]
[WhiteElo "2450"]
[BlackElo "2352"]
[Annotator "ChessBase"]
[PlyCount "57"]
[EventDate "2018.08.05"]
[EventType "swiss"]
[EventCountry "ROU"]
[SourceTitle "playchess.com"]
[Source "ChessBase"]
[SourceQuality "1"]
[TimeControl "40/5400+30:1800+30"]

1. e4 {[%emt 0:00:00]} c5 {[%emt 0:08:13]} 2. Nf3 {[%emt 0:00:03]} e6 {[%emt 0:00:30]} 3. d4 {[%emt 0:00:30]} cxd4 {[%emt 0:00:30]} 4. Nxd4 {[%emt 0:00:30]} a6 {[%emt 0:00:30]} 5. Bd3 {[%emt 0:00:30]} Nf6 {[%emt 0:00:30]} 6. O-O {[%emt 0:00:30]} Qc7 {[%emt 0:00:30]} 7. Qe2 {[%emt 0:00:30]} d6 {[%emt 0:00:30]} 8. c4 {[%emt 0:00:30]} g6 {[%emt 0:00:30]} 9. Nc3 {[%emt 0:00:30]} Bg7 {[%emt 0:00:30]} 10. Rd1 {[%emt 0:00:30]} O-O {[%emt 0:00:30]} 11. Nf3 {[%emt 0:00:30]} Nc6 {[%emt 0:00:30]} 12. h3 {[%emt 0:00:30]} Nd7 {[%emt 0:00:30]} 13. Be3 {[%emt 0:00:30]} Bxc3 {[%emt 0:00:30]} 14. bxc3 {[%emt 0:00:30]} f6 {[%emt 0:00:30]} 15. Nh2 {[%emt 0:00:30]} e5 {[%emt 0:00:30]} 16. Nf1 {[%emt 0:00:30]} Nc5 {[%emt 0:00:30]} 17. Bh6 {[%emt 0:00:30]} Rf7 {[%emt 0:00:30]} 18. Ne3 {[%emt 0:00:30]} Be6 {[%emt 0:00:30]} 19. Bc2 {[%emt 0:00:30]} Kh8 {[%emt 0:00:30]} 20. Rd2 {[%emt 0:00:30]} Ne7 {[%emt 0:00:30]} 21. Nd5 {[%emt 0:00:30]} Bxd5 {[%emt 0:00:30]} 22. cxd5 {[%emt 0:00:30]} g5 {[%emt 0:00:30]} 23. h4 {[%emt 0:00:30]} gxh4 {[%emt 0:00:30]} 24. Qh5 {[%emt 0:00:30]} Ng6 {[%emt 0:00:30]} 25. Re1 {[%emt 0:00:30]} Qa5 {[%emt 0:00:30]} 26. Bd1 {[%emt 0:00:30]} Qxc3 {[%emt 0:00:30]} 27. Bg4 {[%emt 0:00:30]} Nd3 {[%emt 0:00:30]} 28. Be6 {[%emt 0:00:30]} Rc7 {[%emt 0:00:30]} 29. Qf5 {[%emt 0:00:30]} 1-0

[Event "11th Arad Open 2018"]
[Site "Arad"]
[Date "2018.08.10"]
[Round "7"]
[White "Zawadzka, Jolanta"]
[Black "Trifan, Andrei Ioan"]
[Result "1-0"]
[WhiteElo "2435"]
[BlackElo "2308"]
[Annotator "NA RC"]
[PlyCount "75"]
[EventDate "2018.08.05"]
[EventType "swiss"]
[EventCountry "ROU"]
[SourceTitle "playchess.com"]
[Source "ChessBase"]
[SourceQuality "1"]
[TimeControl "40/5400+30:1800+30"]

1. e4 {[%emt 0:00:27]} e5 {[%emt 0:00:00]} 2. Nf3 {[%emt 0:00:08]} Nc6 {[%emt 0:00:39]} 3. d4 {[%emt 0:00:10]} exd4 {[%emt 0:00:49]} 4. Nxd4 {[%emt 0:00:07]} Bc5 {[%emt 0:01:15]} 5. Nb3 {[%emt 0:00:12]} Bb6 {[%emt 0:00:44]} 6. Qe2 {[%emt 0:00:26]} a5 {[%emt 0:06:08]} 7. a4 {[%emt 0:00:11]} d6 {[%emt 0:02:09]} 8. Be3 {[%emt 0:00:28]} Bxe3 {[%emt 0:02:15]} 9. Qxe3 {[%emt 0:00:07]} Nf6 {[%emt 0:01:49]} 10. Nc3 {[%emt 0:01:04]} Be6 {[%emt 0:07:56]} 11. Nd4 {[%emt 0:09:38]} Bd7 {[%emt 0:08:16]} 12. O-O-O {[%emt 0:05:55]} O-O {[%emt 0:04:51]} 13. f3 {[%emt 0:03:43]} Re8 {[%emt 0:04:28]} 14. g4 {[%emt 0:04:51]} Nxd4 {[%emt 0:06:53]} 15. Qxd4 {[%emt 0:00:56]} Bc6 {[%emt 0:01:45]} 16. Bc4 {[%emt 0:09:05]} Nd7 {[%emt 0:03:39]} 17. h4 {[%emt 0:08:13]} Qf6 {[%emt 0:04:16]} 18. Qe3 {[%emt 0:04:41]} Nb6 {[%emt 0:06:06]} 19. Bb3 {[%emt 0:01:35]} Rad8 {[%emt 0:06:32]} 20. g5 {[%emt 0:03:57]} Qe5 {[%emt 0:03:39]} 21. h5 {[%emt 0:01:25]} d5 {[%emt 0:03:29]} 22. g6 {[%emt 0:02:01]} Qf6 {[%emt 0:05:06]} 23. gxf7+ {[%emt 0:06:25]} Qxf7 {[%emt 0:01:15]} 24. h6 {[%emt 0:00:46]} Re6 {[%emt 0:03:31]} 25. hxg7 {[%emt 0:04:03]} Rf6 {[%emt 0:01:22]} 26. Qg5 {[%emt 0:11:02]} Qxg7 {[%emt 0:02:36]} 27. Qh4 {[%emt 0:00:09]} Rdf8 {[%emt 0:01:30]} 28. Rdg1 {[%emt 0:01:19]} Rg6 {[%emt 0:00:13]} 29. Rxg6 {[%emt 0:00:05]} Qxg6 {[%emt 0:02:05]} 30. exd5 {[%emt 0:00:17]} Be8 {[%emt 0:00:38]} 31. d6+ {[%emt 0:01:32]} Bf7 {[%emt 0:00:30]} 32. Qd4 {[%emt 0:02:48]} Bxb3 {[%emt 0:00:25]} 33. Rg1 {[%emt 0:00:19]} Bxc2 {[%emt 0:00:34]} 34. Rxg6+ {[%emt 0:00:30]} Bxg6 {[%emt 0:00:03]} 35. dxc7 {[%emt 0:00:16]} Nc8 {[%emt 0:00:25]} 36. Qd5+ {[%emt 0:00:45]} Kg7 {[%emt 0:00:36]} 37. Qe5+ {[%emt 0:00:35]} Kg8 {[%emt 0:00:30]} 38. Nd5 {[%emt 0:01:02]} 1-0

[Event "11th Arad Open 2018"]
[Site "Arad"]
[Date "2018.08.10"]
[Round "7"]
[White "Filip, Lucian-Ioan"]
[Black "Nastase, Robert-Paul"]
[Result "1/2-1/2"]
[WhiteElo "2426"]
[BlackElo "2299"]
[Annotator "TA"]
[PlyCount "40"]
[EventDate "2018.08.05"]
[EventType "swiss"]
[EventCountry "ROU"]
[SourceTitle "playchess.com"]
[Source "ChessBase"]
[SourceQuality "1"]

{[%evp 18,40,0,0,0,0,7,12,0,0,0,0,0,0,0,0,0,0,-10,0,10,10,47,0,0]} 1. Nf3 d5 2. d4 Nf6 3. c4 e6 4. g3 Bb4+ 5. Bd2 Bd6 (5... Be7 6. Bg2 O-O 7. O-O Nbd7 8. b4 c6 9. a4 Bd6 10. Qc2 e5 11. cxd5 cxd5 12. dxe5 Nxe5 13. Bc3 Re8 14. Nbd2 Nxf3+ 15. Bxf3 Bh3 {½-½ (58) So,W (2778)-Karjakin,S (2782) Stavanger 2018}) 6. Bg2 {E01: Catalan: Early deviations} c6 7. O-O O-O 8. Nc3 Nbd7 9. e4 Nxe4 10. Nxe4 {LiveBook: 5 Games} dxe4 11. Ng5 Be7 {[%cal Bd6e7,Be7f6,Bf6c3][%mdl 32]} 12. Nxe4 f5 13. Nc3 $146 e5 14. dxe5 Nxe5 15. b3 Bf6 16. Qc2 Qd3 17. Qxd3 Nxd3 18. Rad1 Be6 19. Na4 Rfd8 20. Bc3 (20. Ba5 $5 {[%cal Ra5d8]}) 20... Bxc3 1/2-1/2

[Event "11th Arad Open 2018"]
[Site "Arad"]
[Date "2018.08.10"]
[Round "7"]
[White "Petrisor, Adrian-Marian"]
[Black "Weinzettl, Ernst"]
[Result "1-0"]
[WhiteElo "2416"]
[BlackElo "2215"]
[Annotator "NA"]
[PlyCount "79"]
[EventDate "2018.08.05"]
[EventType "swiss"]
[EventCountry "ROU"]
[SourceTitle "playchess.com"]
[Source "ChessBase"]
[SourceQuality "1"]
[TimeControl "40/5400+30:1800+30"]

1. e4 {[%emt 0:00:00]} e6 {[%emt 0:00:00]} 2. d4 {[%emt 0:00:09]} d5 {[%emt 0:00:00]} 3. Nd2 {[%emt 0:02:36]} Nf6 {[%emt 0:00:40]} 4. e5 {[%emt 0:03:54]} Nfd7 {[%emt 0:00:09]} 5. Bd3 {[%emt 0:00:11]} c5 {[%emt 0:00:26]} 6. c3 {[%emt 0:00:05]} Nc6 {[%emt 0:00:14]} 7. Ndf3 {[%emt 0:00:24]} cxd4 {[%emt 0:01:03]} 8. cxd4 {[%emt 0:00:06]} Qa5+ {[%emt 0:11:07]} 9. Bd2 {[%emt 0:03:14]} Qb6 {[%emt 0:11:01]} 10. Bc3 {[%emt 0:01:44]} a5 {[%emt 0:06:38]} 11. Ne2 {[%emt 0:01:12]} a4 {[%emt 0:01:34]} 12. O-O {[%emt 0:00:40]} a3 {[%emt 0:00:21]} 13. Rb1 {[%emt 0:02:00]} axb2 {[%emt 0:08:05]} 14. Rxb2 {[%emt 0:00:07]} Qa7 {[%emt 0:00:04]} 15. Qb1 {[%emt 0:06:52]} g6 {[%emt 0:06:58]} 16. h4 {[%emt 0:01:37]} Na5 {[%emt 0:02:58]} 17. Nf4 {[%emt 0:06:26]} Be7 {[%emt 0:07:01]} 18. Ng5 {[%emt 0:04:26]} Nc4 {[%emt 0:04:06]} 19. Bxc4 {[%emt 0:01:50]} dxc4 {[%emt 0:00:08]} 20. d5 {[%emt 0:00:35]} Bxg5 {[%emt 0:09:24]} 21. hxg5 {[%emt 0:00:30]} O-O {[%emt 0:00:15]} 22. dxe6 {[%emt 0:00:21]} fxe6 {[%emt 0:00:22]} 23. Nxe6 {[%emt 0:00:59]} Rf5 {[%emt 0:01:00]} 24. Nc7 {[%emt 0:02:36]} Nxe5 {[%emt 0:04:26]} 25. Bxe5 {[%emt 0:01:56]} Rxe5 {[%emt 0:00:07]} 26. Nxa8 {[%emt 0:00:07]} Qxa8 {[%emt 0:00:06]} 27. Rb6 {[%emt 0:06:08]} Qa5 {[%emt 0:02:14]} 28. Rd1 {[%emt 0:08:37]} Kf7 {[%emt 0:03:36]} 29. Rc1 {[%emt 0:17:28]} Re7 {[%emt 0:08:45]} 30. Rf6+ {[%emt 0:04:21]} Kg8 {[%emt 0:00:57]} 31. Rf4 {[%emt 0:07:32]} Be6 {[%emt 0:03:02]} 32. g3 {[%emt 0:12:14]} Qxg5 {[%emt 0:06:23]} 33. Qb6 {[%emt 0:00:05]} Bf7 {[%emt 0:00:35]} 34. Qd4 {[%emt 0:03:45]} Qe5 {[%emt 0:00:48]} 35. Qd8+ {[%emt 0:00:51]} Kg7 {[%emt 0:00:59]} 36. Rcxc4 {[%emt 0:00:57]} Re8 {[%emt 0:00:06]} 37. Qc7 {[%emt 0:00:11]} Qe1+ {[%emt 0:00:18]} 38. Kh2 {[%emt 0:00:47]} Re7 {[%emt 0:00:06]} 39. Qd6 {[%emt 0:00:39]} g5 {[%emt 0:01:06]} 40. Qf6+ {[%emt 0:00:00]} 1-0

[Event "11th Arad Open 2018"]
[Site "Arad"]
[Date "2018.08.10"]
[Round "7"]
[White "Roubalik, Jakub"]
[Black "Georgiev, Kiril"]
[Result "0-1"]
[WhiteElo "2402"]
[BlackElo "2593"]
[Annotator "TA"]
[PlyCount "83"]
[EventDate "2018.08.05"]
[EventType "swiss"]
[EventCountry "ROU"]
[SourceTitle "playchess.com"]
[Source "ChessBase"]
[SourceQuality "1"]

{[%evp 29,83,-31,-22,-69,-53,-65,-70,-150,-163,-302,-300,-307,-319,-354,-357,-376,-366,-334,-305,-296,-290,-239,-249,-255,-166,-175,-165,-160,-162,-162,-161,-325,-325,-339,-342,-354,-352,-342,-84,-80,-78,-377,-360,-336,-347,-340,-339,-701,-692,-5667,-5783,-5683,-5481,-6039,-6029,-4910]} 1. d4 Nf6 2. c4 c5 3. d5 b5 4. cxb5 a6 {[%cal Ba7a6,Ba6b5,Bb5b4][%mdl 32]} 5. f3 axb5 6. e4 Qa5+ 7. Bd2 b4 8. Na3 d6 9. Nc4 Qd8 10. a3 e6 11. dxe6 Bxe6 12. axb4 Rxa1 13. Qxa1 d5 14. exd5 {A57: Wolga/Benkö-Gambit} Nxd5 15. Qa4+ Nd7 $1 {[%cal Rc5b4][%mdl 1024] LiveBook: 7 Partien. Schwarz hat Kompensation.} 16. b5 {[#] Die Stellung ist ausgeglichen.} Be7 $146 ({Vorgänger:} 16... Nb4 17. g3 Be7 18. Nh3 O-O 19. Bc3 Bf6 20. Nf4 Bxc4 21. Bxc4 Nb6 {0-1 (31) Nickoloff,B (2390)-Hodgson,J (2590) Winnipeg 1994}) 17. Ne2 O-O 18. Qc2 (18. Ng3 $1 $15) 18... Re8 $1 $17 19. Ng3 (19. g3 $142) 19... Nb4 $1 $19 {[%cal Rb4c2]} 20. Bxb4 cxb4 {[%cal Bc5b4,Bb4b3][%mdl 32]} 21. Be2 {[#]} b3 $1 {[%mdl 512]} 22. Qd3 (22. Qxb3 Nb6) 22... Bxc4 23. Qxc4 {Droht 0-0.} Qa5+ 24. Kf1 Qa1+ 25. Kf2 Qa7+ $1 ({Viel schwächer ist} 25... Qxb2 26. Rd1 $17) 26. Kf1 Rd8 27. Nf5 {[#]} Bf6 $1 28. g3 {[#]} g6 $1 29. Nh6+ Kg7 30. Ng4 $2 (30. Nxf7 Nb6 31. Qe6 Qxf7 32. Qxb6) 30... Qa1+ 31. Kg2 Qxb2 {Weiss muss nun ...Te8 beachten.} 32. Nxf6 Nxf6 33. Kf2 Rd4 $2 (33... Rd2 $19 {ist viel giftiger.} 34. b6 Rc2) 34. Qc1 $17 Qa2 35. Qb1 $2 {[%mdl 8192]} (35. Qa1 $17 {war die einzige Verteidigung.} Qd2 36. Rb1) 35... Nd5 $19 36. Qxa2 bxa2 {[%mdl 4096] Endspiel KTL-KTS} 37. Ra1 Rd2 38. Ke1 $2 (38. b6 Nxb6 39. Ke3) 38... Rb2 {Droht ...Tb1+ und aus.Schwarz steht klar auf Gewinn.} 39. Kf2 Nc3 40. Ke3 Nxe2 41. b6 {[#]} Nc1 $1 {[%mdl 512]} 42. Kd4 {Precision: Weiß = 34%, Schwarz = 71%.} (42. Rxc1 Rb1) 0-1